000 00762pam a2200181 a 4500
020 _a0309031214 (pbk.) :
082 0 0 _a380.5
_bNAT
_cD
245 0 0 _aGuideway snow and ice control and roadside maintenance /
_cTransportation Research Board, Commission on Sociotechnical Systems, National Research Council.
260 _aWashington, D.C. :
_bNational Academy of Sciences,
_c1980.
300 _aiv, 27 p. :
_bill. ;
_c28 cm.
500 _aReports prepared for the 60th annual meeting of the Transportation Research Board.
526 _a0
_b0
_c0
_d380_500000000000000_NAT
650 0 _aMCE
_9379
650 0 _aRoads
_xSnow and ice control.
_921203
650 0 _aRoadside improvement.
_921192
710 2 _aNational Research Council (U.S.).
_920017
942 _2ddc
_cBK
999 _c542950
_d542950